00879nam a22002297a 4500999001500000001000600015003000900021005001700030008004100047020001800088040002800106082002000134100002200154245007800176260004900254300004800303500002000351650003000371942001200401952011800413952011800531 c5597d559717664BD-DhUAP20201215160607.0201215s1999 ii a b 001 0 eng  a9788120321373 aDLCcDLCdBD-DhUAPbEng00223a624.151 COD1 aCoduto, Donald P.10aGeotechnical engineering :bprinciples and practices /cDonald P. Coduto. aNew Delhi :bPrentice-Hall of India,cc1998. axviii, 759 pages :billustrations ;c24 cm. aIncludes index. 0aGeotechnical engineering. 2ddccBK 00102ddc4070aUAPCLbUAPCLcGeneral Stacksd2020-12-15o624.151 CODp3010017664r2020-12-15t1w2020-12-15yBK 00102ddc4070aUAPCLbUAPCLcGeneral Stacksd2020-12-15o624.151 CODp3010017685r2020-12-15t2w2020-12-15yBK